<?xml version="1.0" encoding="UTF-8"?><?xml-stylesheet type="text/xsl" href="static/style.xsl"?><OAI-PMH xmlns="http://www.openarchives.org/OAI/2.0/" xmlns:xsi="http://www.w3.org/2001/XMLSchema-instance" xsi:schemaLocation="http://www.openarchives.org/OAI/2.0/ http://www.openarchives.org/OAI/2.0/OAI-PMH.xsd"><responseDate>2026-04-14T02:09:26Z</responseDate><request verb="GetRecord" identifier="oai:www.recercat.cat:20.500.12327/682" metadataPrefix="marc">https://recercat.cat/oai/request</request><GetRecord><record><header><identifier>oai:recercat.cat:20.500.12327/682</identifier><datestamp>2025-10-22T11:11:13Z</datestamp><setSpec>com_2072_4428</setSpec><setSpec>com_2072_4427</setSpec><setSpec>col_2072_487898</setSpec></header><metadata><record xmlns="http://www.loc.gov/MARC21/slim" xmlns:dcterms="http://purl.org/dc/terms/" xmlns:xsi="http://www.w3.org/2001/XMLSchema-instance" xmlns:doc="http://www.lyncode.com/xoai" xsi:schemaLocation="http://www.loc.gov/MARC21/slim http://www.loc.gov/standards/marcxml/schema/MARC21slim.xsd">
   <leader>00925njm 22002777a 4500</leader>
   <datafield ind2=" " ind1=" " tag="042">
      <subfield code="a">dc</subfield>
   </datafield>
   <datafield ind2=" " ind1=" " tag="720">
      <subfield code="a">Banovic, Marija</subfield>
      <subfield code="e">author</subfield>
   </datafield>
   <datafield ind2=" " ind1=" " tag="720">
      <subfield code="a">Reinders, Machiel J.</subfield>
      <subfield code="e">author</subfield>
   </datafield>
   <datafield ind2=" " ind1=" " tag="720">
      <subfield code="a">Claret, Anna</subfield>
      <subfield code="e">author</subfield>
   </datafield>
   <datafield ind2=" " ind1=" " tag="720">
      <subfield code="a">Guerrero, Luis</subfield>
      <subfield code="e">author</subfield>
   </datafield>
   <datafield ind2=" " ind1=" " tag="720">
      <subfield code="a">Krystallis, Athanasios</subfield>
      <subfield code="e">author</subfield>
   </datafield>
   <datafield ind2=" " ind1=" " tag="260">
      <subfield code="c">2019-05-16</subfield>
   </datafield>
   <datafield ind2=" " ind1=" " tag="520">
      <subfield code="a">Respecting ethical beliefs of consumers is an important precondition for food manufacturers in their attempt to improve their positioning in the European food market. Based on a cross-cultural survey of 2511 European participants, this research demonstrates how ethical beliefs affect consumer perceptions of “blue” (i.e. environmentally friendly) aquaculture products. The study further emphasises that the positive effect of ethical beliefs on purchase intention operates via an indirect route mediated by consumers’ trust in a product category. Consumer involvement has limited moderation effect on the above relationships. To expand its “blue” business, a key policy recommendation to aquaculture product manufacturers and policy makers is to urge stable and reliable standards of control in environmentally responsible aquaculture production so that consumers can rely on the information source and increase their trust in aquaculture products.</subfield>
   </datafield>
   <datafield ind1="8" ind2=" " tag="024">
      <subfield code="a">Banovic, M., Reinders, M. J., Claret, A., Guerrero, L. and Krystallis, A. Banovic, Marija, Machiel J. Reinders, Anna Claret, Luis Guerrero, and Athanasios Krystallis. 2019. "“One Fish, Two Fish, Red Fish, Blue Fish”: How Ethical Beliefs Influence Consumer Perceptions Of “Blue” Aquaculture Products?". Food Quality And Preference 77: 147-158. Elsevier BV. doi:10.1016/j.foodqual.2019.05.013.</subfield>
   </datafield>
   <datafield ind1="8" ind2=" " tag="024">
      <subfield code="a">0950-3293</subfield>
   </datafield>
   <datafield ind1="8" ind2=" " tag="024">
      <subfield code="a">http://hdl.handle.net/20.500.12327/682</subfield>
   </datafield>
   <datafield ind1="8" ind2=" " tag="024">
      <subfield code="a">https://doi.org/10.1016/j.foodqual.2019.05.013</subfield>
   </datafield>
   <datafield ind2="0" ind1="0" tag="245">
      <subfield code="a">"One Fish, Two Fish, Red Fish, Blue Fish”: How ethical beliefs influence consumer perceptions of “blue” aquaculture products?</subfield>
   </datafield>
</record></metadata></record></GetRecord></OAI-PMH>